| 000 | 00635nam a2200277Ia 4500 | ||
|---|---|---|---|
| 008 | 181129s9999 xx 000 0 und d | ||
| 020 | _a9780062286963 | ||
| 050 | _bR111 2015 | ||
| 100 | _aRaasch, Sara | ||
| 245 | 0 | _aIce like fire / | |
| 245 | 0 | _cby Sara Raasch. | |
| 260 | _aNew York, NY : | ||
| 260 | _bBalzer + Bray, | ||
| 260 | _c2015 | ||
| 300 | _a483 pages : | ||
| 300 | _billustrations ; | ||
| 300 | _c20cm. | ||
| 440 | _aSnow like ashes. | ||
| 650 | _aFantasy. | ||
| 650 | _aMagic. | ||
| 650 | _aOrphans. | ||
| 650 | _aRomance Fiction. | ||
| 650 | _aSlavery. | ||
| 700 | _aSeries. | ||
| 700 | _aTitle. | ||
| 999 |
_c360150 _d360150 |
||